[Event "Speed Chess Championship 2020"]
[Site "Online"]
[Date "2020.11.12"]
[Round "1.13"]
[White "Nakamura, Hikaru"]
[Black "Martirosyan, Haik M."]
[Result "1/2-1/2"]
[WhiteElo "2736"]
[BlackElo "2622"]
[Annotator "RC"]
[PlyCount "118"]
[EventDate "2020.10.31"]
[EventType "k.o."]
[SourceTitle "playchess.com"]
[Source "ChessBase"]
[SourceQuality "1"]
[TimeControl "180+1"]

1. Nf3 {[%emt 0:00:01]} Nf6 {[%emt 0:00:01]} 2. d4 {[%emt 0:00:00]} e6 {[%emt 0:00:00]} 3. c4 {[%emt 0:00:00]} d5 {[%emt 0:00:00]} 4. Nc3 {[%emt 0:00:05]} Be7 {[%emt 0:00:01]} 5. Bf4 {[%emt 0:00:03]} O-O {[%emt 0:00:01]} 6. e3 {[%emt 0:00:01]} Nbd7 {[%emt 0:00:01]} 7. Be2 {[%emt 0:00:01]} dxc4 {[%emt 0:00:08]} 8. O-O {[%emt 0:00:01]} a6 {[%emt 0:00:02]} 9. a4 {[%emt 0:00:01]} c5 {[%emt 0:00:01]} 10. Bxc4 {[%emt 0:00:02]} cxd4 {[%emt 0:00:12]} 11. exd4 {[%emt 0:00:05]} Nb6 {[%emt 0:00:03]} 12. Bd3 {[%emt 0:00:01]} Nbd5 {[%emt 0:00:03]} 13. Bg5 {[%emt 0:00:02]} b6 {[%emt 0:00:11]} 14. Nxd5 {[%emt 0:00:17]} Nxd5 {[%emt 0:00:04]} 15. Bxe7 {[%emt 0:00:01]} Qxe7 {[%emt 0:00:03]} 16. Be4 {[%emt 0:00:00]} Bb7 {[%emt 0:00:02]} 17. Qb3 {[%emt 0:00:01]} a5 {[%emt 0:00:12]} 18. Ne5 {[%emt 0:00:07]} Rac8 {[%emt 0:00:16]} 19. Rac1 {[%emt 0:00:09]} Rxc1 {[%emt 0:00:13]} 20. Rxc1 {[%emt 0:00:00]} Nf4 {[%emt 0:00:01]} 21. Qe3 {[%emt 0:00:26]} Bxe4 {[%emt 0:00:15]} 22. Qxe4 {[%emt 0:00:07]} Nd5 {[%emt 0:00:09]} 23. Rc4 {[%emt 0:00:01]} g6 {[%emt 0:00:10]} 24. g3 {[%emt 0:00:02]} Qb7 {[%emt 0:00:07]} 25. Ng4 {[%emt 0:00:07]} Qd7 {[%emt 0:00:22]} 26. Ne5 {[%emt 0:00:47]} Qb7 {[%emt 0:00:01]} 27. Ng4 {[%emt 0:00:01]} Qd7 {[%emt 0:00:02]} 28. Qe5 {[%emt 0:00:05]} f6 {[%emt 0:00:03]} 29. Qe2 {[%emt 0:00:01]} Rd8 {[%emt 0:00:03]} 30. b3 {[%emt 0:00:02]} Kg7 {[%emt 0:00:02]} 31. h4 {[%emt 0:00:02]} h5 {[%emt 0:00:01]} 32. Ne3 {[%emt 0:00:01]} Ne7 {[%emt 0:00:03]} 33. Ng2 {[%emt 0:00:02]} Nf5 {[%emt 0:00:03]} 34. Nf4 {[%emt 0:00:01]} Kf7 {[%emt 0:00:02]} 35. Qe4 {[%emt 0:00:02]} Ne7 {[%emt 0:00:13]} 36. Rc1 {[%emt 0:00:09]} Rc8 {[%emt 0:00:01]} 37. Re1 {[%emt 0:00:07]} Rc6 {[%emt 0:00:02]} 38. Re3 {[%emt 0:00:10]} Rd6 {[%emt 0:00:00]} 39. Re1 {[%emt 0:00:01]} Nf5 {[%emt 0:00:04]} 40. Qc2 {[%emt 0:00:05]} Qc6 {[%emt 0:00:10]} 41. Qd3 {[%emt 0:00:08]} Rxd4 {[%emt 0:00:03]} 42. Qa6 {[%emt 0:00:01]} e5 {[%emt 0:00:02]} 43. Ng2 {[%emt 0:00:04]} Rd7 {[%emt 0:00:02]} 44. Qc4+ {[%emt 0:00:05]} Qxc4 {[%emt 0:00:02]} 45. bxc4 {[%emt 0:00:00]} Nd4 {[%emt 0:00:00]} 46. Rb1 {[%emt 0:00:00]} Rd6 {[%emt 0:00:00]} 47. Ne3 {[%emt 0:00:02]} Ne6 {[%emt 0:00:02]} 48. Nd5 {[%emt 0:00:01]} Nc5 {[%emt 0:00:02]} 49. Nxb6 {[%emt 0:00:00]} Rd2 {[%emt 0:00:01]} 50. Nd5 {[%emt 0:00:01]} f5 {[%emt 0:00:04]} 51. Rb5 {[%emt 0:00:06]} Nd3 {[%emt 0:00:02]} 52. Rxa5 {[%emt 0:00:01]} Rxf2 {[%emt 0:00:01]} 53. Ra7+ {[%emt 0:00:00]} Kf8 {[%emt 0:00:01]} 54. Nf6 {[%emt 0:00:01]} Ra2 {[%emt 0:00:01]} 55. Rd7 {[%emt 0:00:01]} e4 {[%emt 0:00:01]} 56. Nh7+ {[%emt 0:00:03]} Ke8 {[%emt 0:00:01]} 57. Nf6+ {[%emt 0:00:00]} Kf8 {[%emt 0:00:00]} 58. Nh7+ {[%emt 0:00:00]} Ke8 {[%emt 0:00:01]} 59. Nf6+ {[%emt 0:00:00]} Kf8 {[%emt 0:00:00]} 1/2-1/2

[Event "Speed Chess Championship 2020"]
[Site "Online"]
[Date "2020.11.16"]
[Round "1.13"]
[White "Artemiev, Vladislav"]
[Black "Giri, Anish"]
[Result "1-0"]
[WhiteElo "2708"]
[BlackElo "2764"]
[Annotator "TA"]
[PlyCount "129"]
[EventDate "2020.10.31"]
[EventType "k.o."]
[EventCountry "NET"]
[SourceTitle "playchess.com"]
[Source "ChessBase"]
[SourceQuality "1"]

{[%evp 21,129,-16,2,0,10,0,0,0,0,-29,-27,-31,-3,0,79,87,89,90,127,91,121,127,122,118,114,86,87,93,114,85,125,132,118,135,172,156,154,114,293,288,287,298,276,185,209,172,217,217,377,354,403,335,751,722,638,285,417,402,358,91,239,159,153,-281,16,75,46,27,425,104,93,-29987,608,129,469,121,114,125,115,131,160,132,112,-778,-774,-741,-735,-560,-516,-506,0,0,56,39,39,32,197,179,5214,5206,5202,0,1962,0,5193,5085,29986,29987,29987,29988]} 1. Nf3 d5 2. b3 Bf5 3. Bb2 e6 4. g3 h6 5. Bg2 Nf6 6. O-O Nbd7 7. d3 Be7 8. Nbd2 O-O 9. Qe1 Bh7 10. e4 a5 11. a3 c6 12. Qe2 {A07: Réti Opening: New York and Capablanca Systems.} Qb6 13. Rab1 dxe4 14. dxe4 {The position is equal.} Qa6 {[#]} 15. Qe3 $146 ({Predecessor:} 15. Qxa6 Rxa6 16. Rbe1 Nc5 17. Ne5 Rd8 18. Re2 Ne8 19. Ng4 Raa8 20. f4 h5 21. Nf2 {0-1 (50) Schnegelsberg,K-Hoehn,M Doernigheim 1994}) 15... Rfd8 16. h3 a4 17. b4 {[%cal Bb3b4,Bb4b5][%mdl 32]} c5 (17... Qa7 $11 {remains equal.}) 18. b5 $1 $16 {[%cal Rb5a6]} Qa7 19. c4 Qa5 20. Rbd1 Qc7 21. e5 Ne8 22. Ne4 Nb6 23. Rc1 Rd7 24. Qe2 Rad8 25. Bc3 Rd3 26. Ne1 Rxc3 27. Nxc3 Rd4 28. Nd1 $1 {[%cal Bc3d1,Bd1e3,Be3g4][%mdl 32]} g5 29. Ne3 Ng7 $2 (29... Rd8 $16 30. Qf3 Rd7) 30. Ng4 $1 $18 Nf5 31. Nf3 Rd8 32. Rfd1 Nd7 33. h4 gxh4 34. Nxh4 Bxh4 $2 (34... Nd4 {was worth a try.} 35. Qe3 (35. Nxh6+ Kg7 $11) 35... Bxh4) 35. gxh4 Kh8 36. b6 Qc8 $2 (36... Nxb6 37. Rxd8+ Qxd8) 37. Qd2 Nd4 38. Qe3 (38. Qxh6 $142 Rg8 39. Nf6) 38... Rg8 (38... h5 $142) 39. Nxh6 {[%mdl 64] Double Attack} Rg7 40. Kh2 $2 (40. Rxd4 $18 {is more deadly.} cxd4 41. Qxd4) 40... Qd8 (40... Qf8 $16 {was necessary.}) 41. Qf4 Nxe5 42. Bh1 $2 (42. Bxb7 $2 Qb8 $19) (42. Rc3 $1 $16 {is necessary to keep the advantage.} f6 43. Rg3) 42... Nd3 $2 (42... Ng4+ $1 $19 43. Kh3 Nxh6 44. Qxh6 Qf8 45. Bxb7 Rg3+ {[%mdl 64] Discovered Attack} 46. fxg3 Qxh6) 43. Rxd3 $1 $11 ({But not} 43. Nxf7+ $2 Rxf7 $1 {[%mdl 512]} 44. Qxf7 Qxh4+ 45. Kg1 Ne2+ 46. Kf1 Nef4 $19) 43... Bxd3 44. Rg1 {aiming for Rxg7.} Qe7 $2 {[%mdl 8192]} (44... Bg6 $11 {and Black is okay.} 45. Rg4 (45. Bxb7 $2 Ne2 $19 {[%mdl 64] Double Attack}) 45... Kh7) 45. Rxg7 $2 (45. Rg5 $1 $18 {[%cal Rg5h5] Black must now prevent Rh5.} Bg6 46. Ng4) 45... Kxg7 $16 46. Ng4 $2 {[%mdl 8192]} (46. Qg5+ $16 Qxg5 47. hxg5) 46... Bg6 $4 {[%mdl 8192]} (46... Qxh4+ {and life is good for Black.} 47. Kg2 Bf1+ $1 {[%mdl 512]} 48. Kg1 Ne2+ {[%mdl 64] Double Attack} 49. Kxf1 Nxf4 50. f3 f5 51. Nf2 Qh2 52. Ke1 Qg1+ 53. Kd2 Qxf2+ 54. Kc3 Qe2 55. Bg2 Nd5+ $1 {[%mdl 512]} 56. cxd5 exd5 57. Bh3 d4#) 47. Qh6+ Kg8 {[#] intending ...Nf5.} 48. Be4 $2 (48. Qg5 $1 $18 {[%cal Rg5e7] and the rest is easy.} Qd6+ 49. Qe5) 48... Nf5 ({Don't go for} 48... Qd6+ $2 {[#]} 49. Kh3 $1 $18 {[%mdl 512]}) 49. Bxf5 exf5 50. Ne3 {Nd5 is the strong threat.} Qe5+ 51. Kg1 f4 52. Nd5 $2 {[%mdl 8192]} (52. Ng4 $16 Qf5 53. f3 Qb1+ 54. Kg2 Qa2+ 55. Kh3) 52... Qe1+ $19 53. Kg2 Be4+ 54. Kh3 Qh1+ 55. Kg4 {[%cal Rd5f6]} Qg2+ $2 ({Better is} 55... Qg1+ $19 56. Kxf4 Bxd5) 56. Kxf4 $11 {[%cal Rd5f6]} Qf3+ ({Black should try} 56... Bxd5 $11 57. cxd5 Qxf2+ 58. Ke5 Qb2+ 59. Kf5 Qxa3 60. Qg5+ Kf8 61. Qd8+ Kg7 62. Qg5+ Kf8 63. Qd8+ Kg7 64. Qg5+ Kh7 65. Qh5+ Kg8) 57. Ke5 $14 {[%cal Rd5e7]} Bxd5 58. Qg5+ Kf8 59. cxd5 $18 {[%mdl 4096] Endgame Hoping for Qe3. KQ-KQ} Qc3+ $2 (59... c4 60. Kd6 f6) 60. Kd6 c4 61. Qd8+ (61. Kc7 $142 f6 62. Qf5) 61... Kg7 62. Qg5+ (62. Kc7 $142 Qe5+ 63. Kxb7) 62... Kf8 $1 63. Kc7 Qxa3 64. d6 c3 65. d7 {White used his chance.  Weighted Error Value: White=1.14/Black=0.72} 1-0

[Event "Speed Chess Championship 2020"]
[Site "Online"]
[Date "2020.11.15"]
[Round "1.14"]
[White "Caruana, Fabiano"]
[Black "Duda, Jan-Krzysztof"]
[Result "1/2-1/2"]
[WhiteElo "2823"]
[BlackElo "2743"]
[Annotator "TA"]
[PlyCount "169"]
[EventDate "2020.10.31"]
[EventType "k.o."]
[EventCountry "NET"]
[SourceTitle "playchess.com"]
[Source "ChessBase"]
[SourceQuality "1"]

{[%evp 13,169,19,23,30,12,11,12,16,27,39,33,0,0,0,-4,-76,-88,-59,-65,-139,-71,-79,-83,-99,-70,-106,-112,-146,-142,-285,-283,-325,-311,-315,-246,-313,-59,-70,-74,-69,-70,-70,-63,-77,-49,-145,-125,-128,-114,-185,-60,-112,-112,-133,-126,-118,-10,-10,-10,-10,-10,-10,-9,-16,-16,-17,-15,-16,-9,-16,-16,-12,-12,-12,-9,-12,-10,-11,-11,-11,-11,-12,-9,-9,617,-9,0,0,0,0,0,0,0,0,0,0,0,0,0,0,0,0,0,0,0,0,0,0,0,0,0,0,0,0,0,0,0,0,0,0,0,-12,0,-17,0,-10,0,-12,0,-12,0,-6,-8,-12,-12,-12,-12,-12,-12,-12,-12,-12,-12,-12,-12,-12,-12,-12,0,-12,0,-12,0,-12,0,-12,0,-12]} 1. e4 e5 2. Nf3 Nf6 3. Nxe5 d6 4. Nf3 Nxe4 5. Nc3 Nxc3 6. dxc3 Be7 7. Be3 O-O 8. Qd2 {C42: Petroff Defence: 3 Nxe5 and unusual White 3rd moves.} Nd7 9. O-O-O Nf6 {seems to push 9...Ne5 aside.} 10. Bd3 c5 11. Rhe1 Be6 12. a3 {[#]} c4 $146 ({Predecessor:} 12... d5 13. Ng5 Bd7 14. Bf4 Re8 15. Nxh7 Nxh7 16. Bxh7+ Kxh7 17. Qxd5 Bg4 18. Qxf7 Bg5 19. Bxg5 Qxg5+ {0-1 (47) Paravyan,D (2634)-Gelfand,B (2673) Moscow 2018}) 13. Bf1 Ne4 14. Qe2 (14. Qd4 $11 d5 15. Bxc4) 14... d5 $17 15. Bd4 b5 16. Nd2 (16. g3 $15) 16... Nd6 ({Black should play} 16... Nxd2 $1 17. Kxd2 Bg5+ 18. Be3 Bxe3+ 19. Qxe3 a5) 17. g3 Re8 18. Bg2 Nf5 19. Nf3 a5 20. Ne5 Qc7 21. Qh5 (21. f4 $17 {was called for.}) 21... g6 $19 22. Qf3 b4 23. a4 Rab8 24. h4 bxc3 $2 (24... b3 $19 25. cxb3 Qb7) 25. Bxc3 $15 {[#]} d4 $1 {[%cal Rd4c3][%mdl 512]} 26. Rxd4 ({Not} 26. Bxd4 $2 Nxd4 27. Qc3 Bc5 $19) 26... Nxd4 27. Bxd4 Bc5 28. Bc3 {Threatens to win with Nxg6!} Bb4 $1 29. Nc6 (29. h5 $1 $15) 29... Bxc3 $1 $17 30. Qxc3 Rb6 $1 {[%cal Rb6c6]} 31. Nxa5 {[#]} (31. Nd4 $17) 31... Reb8 ({Black should try} 31... Qd7 $1 $19 32. h5 (32. Nxc4 $2 Bxc4 33. Rxe8+ Qxe8 $19) 32... Qxa4) 32. b3 (32. Qe5 $1 $15 Qxe5 33. Rxe5) 32... Qc5 33. Nxc4 Bxc4 34. Qxc4 {[#]} Qxc4 ({Of course not} 34... Qxf2 35. Re7 $15) (34... Qa3+ $1 $17 35. Kd2 Rd8+ 36. Kc3 Rbb8) 35. bxc4 {[%mdl 4096] Endgame KRR-KRB} Rb1+ 36. Kd2 Rxe1 37. Kxe1 $11 {KR-KB} Rb4 38. Bd5 Rxa4 39. Kd2 Kf8 40. Kd3 Ke7 41. Kd4 Ra2 42. Kd3 f6 43. c5 Ra4 44. c6 Kd6 45. c4 Ra2 46. Ke3 Rb2 47. Kf3 h6 48. g4 g5 $2 {[%mdl 8192]} (48... Kc7 $11) 49. hxg5 $2 (49. h5 $18 {Black must now prevent Ke3.} Ra2 50. Ke3) 49... hxg5 {The position is equal.} 50. Ke3 Rb8 51. Ke4 Ke7 52. Kf5 {Black should prevent Be6.} (52. Kd4 {looks sharper.} Kd8 53. f3 Rc8 54. Ke4 Ke7 55. Kf5) 52... Rc8 53. f3 Rc7 54. Kg6 Rc8 55. Kf5 Rc7 56. Kg6 Rc8 57. Kg7 Rc7 58. Kh6 Rc8 59. Kg6 Rc7 60. Kf5 Rc8 61. Ke4 {Cut Off at move 61} Rc7 62. Kd4 {aiming for Kc5.} Kd6 $1 63. Ke4 Ke7 64. f4 gxf4 $1 65. Kxf4 Kd6 66. Kf5 Ke7 67. c5 Rc8 68. Ke4 Rc7 69. Kd4 Rc8 70. Kc4 Kd8 71. Kd4 Kc7 72. Ke4 Re8+ 73. Kd4 Re5 74. Be4 Rg5 75. Bf3 Kc8 76. Kc4 Kd8 77. Kd4 Re5 78. Be4 Kc7 79. Bf3 Rg5 80. Kc4 Kb8 81. Kd4 Kc8 82. Kc4 Kc7 83. Kd4 Re5 84. Be4 Rg5 85. Bf3 {A wild game.  Weighted Error Value: White=0.30/Black=0.31} 1/2-1/2

[Event "Speed Chess Championship 2020"]
[Site "Online"]
[Date "2020.11.11"]
[Round "1.14"]
[White "Aronian, Levon"]
[Black "Nepomniachtchi, Ian"]
[Result "1/2-1/2"]
[WhiteElo "2781"]
[BlackElo "2784"]
[Annotator "TA"]
[PlyCount "53"]
[EventDate "2020.10.31"]
[EventType "k.o."]
[SourceTitle "playchess.com"]
[Source "ChessBase"]
[SourceQuality "1"]

{[%evp 15,53,71,70,61,73,75,93,35,36,36,36,31,35,40,36,38,37,35,43,35,35,16,25,29,35,15,28,18,20,24,29,32,23,22,32,0,10,0,26,0]} 1. e4 e6 2. d4 d5 3. Nc3 Bb4 4. Bd3 dxe4 5. Bxe4 Nf6 6. Bf3 Nc6 7. Nge2 e5 8. Bxc6+ bxc6 9. O-O {C15: French: 3 Nc3 Bb4: Unusual White 4th moves.} ({But not} 9. dxe5 Qxd1+ 10. Kxd1 Ng4 $15) 9... Ba6 {[#] And now ...exd4 would win.} 10. dxe5 {[#]} Nd5 $146 {White should prevent ...Nxc3.} ({Predecessor:} 10... Bxc3 11. bxc3 Ne4 12. Qd4 Qxd4 13. cxd4 Bxe2 14. Re1 Nc3 15. Bd2 Nb5 16. Rxe2 Nxd4 17. Re4 O-O-O 18. Bg5 Nxc2 19. Bxd8 Nxa1 20. Bh4 Kd7 21. e6+ fxe6 22. Rd4+ Kc8 23. Rc4 {1-0 (23) Lukin,A (2450)-Yuneev,A (2345) Leningrad 1989}) 11. Nxd5 ({White should try} 11. Ne4 $16) 11... Qxd5 $14 12. c3 Qxd1 13. Rxd1 {Hoping for Nd4.} Bxe2 14. Rd2 {[#]} Bxc3 $1 {[%mdl 512]} 15. Rxe2 (15. bxc3 Rd8) 15... Bd4 16. Be3 O-O-O 17. Bxd4 Rxd4 {[%mdl 4096] Endgame KRR-KRR} 18. f3 Re8 19. Kf2 g5 20. Rc1 Re6 21. g3 h5 22. Rc3 h4 23. Ra3 Kb7 24. Rb3+ Kc8 25. Ra3 Kb7 26. Rb3+ Kc8 27. Ra3 {White got outplayed after the opening.  Weighted Error Value: White=0.08/Black=0.03} 1/2-1/2

[Event "Speed Chess Championship 2020"]
[Site "Online"]
[Date "2020.11.16"]
[Round "1.14"]
[White "Giri, Anish"]
[Black "Artemiev, Vladislav"]
[Result "1-0"]
[WhiteElo "2764"]
[BlackElo "2708"]
[Annotator "ChessBase"]
[PlyCount "57"]
[EventDate "2020.10.31"]
[EventType "k.o."]
[EventCountry "NET"]
[SourceTitle "playchess.com"]
[Source "ChessBase"]
[SourceQuality "1"]
[TimeControl "180+1"]

1. e4 {[%emt 0:00:01]} e5 {[%emt 0:00:01]} 2. Nf3 {[%emt 0:00:00]} Nf6 {[%emt 0:00:00]} 3. Nxe5 {[%emt 0:00:02]} d6 {[%emt 0:00:01]} 4. Nf3 {[%emt 0:00:00]} Nxe4 {[%emt 0:00:00]} 5. d4 {[%emt 0:00:00]} Be7 {[%emt 0:00:03]} 6. Bd3 {[%emt 0:00:01]} Nf6 {[%emt 0:00:00]} 7. O-O {[%emt 0:00:01]} O-O {[%emt 0:00:01]} 8. h3 {[%emt 0:00:01]} b6 {[%emt 0:00:01]} 9. c4 {[%emt 0:00:01]} Bb7 {[%emt 0:00:01]} 10. Nc3 {[%emt 0:00:01]} d5 {[%emt 0:00:00]} 11. Bf4 {[%emt 0:00:04]} Nbd7 {[%emt 0:00:06]} 12. Re1 {[%emt 0:00:03]} Bd6 {[%emt 0:00:34]} 13. Bg5 {[%emt 0:00:03]} h6 {[%emt 0:00:05]} 14. Bh4 {[%emt 0:00:01]} dxc4 {[%emt 0:00:09]} 15. Bxc4 {[%emt 0:00:02]} a6 {[%emt 0:00:06]} 16. a4 {[%emt 0:00:04]} c5 {[%emt 0:00:06]} 17. dxc5 {[%emt 0:00:25]} Bxc5 {[%emt 0:00:10]} 18. Bd5 {[%emt 0:00:03]} Bxd5 {[%emt 0:00:05]} 19. Nxd5 {[%emt 0:00:02]} g5 {[%emt 0:00:28]} 20. Nxg5 {[%emt 0:00:19]} Nxd5 {[%emt 0:00:22]} 21. Qxd5 {[%emt 0:00:04]} hxg5 {[%emt 0:00:11]} 22. Bxg5 {[%emt 0:00:01]} Qc7 {[%emt 0:00:01]} 23. Bh6 {[%emt 0:00:08]} Qd6 {[%emt 0:00:20]} 24. Qxd6 {[%emt 0:00:04]} Bxd6 {[%emt 0:00:00]} 25. Rad1 {[%emt 0:00:21]} Bc5 {[%emt 0:00:04]} 26. Rxd7 {[%emt 0:00:03]} Rfe8 {[%emt 0:00:00]} 27. Rxe8+ {[%emt 0:00:12]} Rxe8 {[%emt 0:00:02]} 28. Kf1 {[%emt 0:00:00]} Re6 {[%emt 0:00:06]} 29. Bd2 {[%emt 0:00:08]} 1-0

[Event "Speed Chess Championship 2020"]
[Site "Online"]
[Date "2020.11.04"]
[Round "1.14"]
[White "Fedoseev, Vladimir"]
[Black "Firouzja, Alireza"]
[Result "1-0"]
[WhiteElo "2676"]
[BlackElo "2749"]
[Annotator "TA"]
[PlyCount "101"]
[EventDate "2020.10.31"]
[EventType "k.o."]
[SourceTitle "playchess.com"]
[Source "ChessBase"]
[SourceQuality "1"]

{[%evp 17,101,31,44,18,26,22,30,18,40,37,47,26,53,43,53,11,11,0,-12,-18,31,37,16,16,7,14,38,52,67,0,0,0,0,0,0,0,0,0,0,0,0,0,0,0,0,0,0,0,0,0,13,0,0,0,0,0,0,0,0,0,0,0,0,0,0,0,0,0,0,0,12841,0,0,0,12841,12841,12842,12843,12843,12843,12844,12844,12845,12846,12847,12848]} 1. d4 Nf6 2. c4 g6 3. g3 Bg7 4. Bg2 O-O 5. Nc3 d6 6. Nf3 Nc6 7. O-O e5 8. d5 Ne7 {8...Nb8 is more fashionable. Played by Magnus Carlsen in August 2020.} 9. e4 h6 10. b4 {E62: King's Indian: Fianchetto: 6...c6 and Panno Variation (6...Nc6) without ...a6.} a5 11. Ba3 axb4 12. Bxb4 {White has an edge.} b6 13. a4 Ne8 {[#]} 14. Qb3 $146 ({Predecessor:} 14. a5 bxa5 15. Rxa5 Rxa5 16. Bxa5 f5 17. Nb5 fxe4 18. Nd2 e3 19. fxe3 Rxf1+ 20. Qxf1 {1-0 (47) Vaishali,R (2393)-Kotliar,M (2300) chess.com INT 2020}) 14... Rb8 15. Nb5 f5 16. a5 bxa5 17. Bxa5 fxe4 18. Nd2 Nf5 (18... Nxd5 $5 19. cxd5 Bd7 $15) 19. Nxe4 Nd4 20. Qd3 Bf5 21. Rfb1 Qd7 22. Bc3 {[%cal Rb5d4]} Qf7 23. Nxd4 (23. Bxd4 $14 exd4 24. Rf1) 23... Rxb1+ $11 24. Rxb1 Bxe4 $1 25. Qxe4 Qxf2+ {[%mdl 64] Double Attack} 26. Kh1 exd4 27. Rf1 Qe3 28. Rxf8+ Kxf8 29. Qxe3 dxe3 {[%mdl 4096] Endgame KBB-KBN} 30. Ba5 Bd4 31. Be4 g5 32. Kg2 Nf6 33. Bf5 Bb6 34. Bc3 Ke7 35. Kf3 Nd7 36. Bxd7 Kxd7 {KB-KB} 37. Bg7 h5 38. Bh6 g4+ 39. Ke2 Ke7 40. Bxe3 Kf6 41. Bxb6 cxb6 {KP-KP} 42. Ke3 {Threatens to win with Ke4.} Ke5 43. Kd3 Kf6 $2 {[%mdl 8192]} (43... b5 $11 44. cxb5 Kxd5) 44. Kd4 $2 ({Only move:} 44. Kc3 $1 $18 {[%cal Rc3b4]} h4 45. Kb4 hxg3 46. hxg3) 44... Kf5 45. Kd3 $2 {[%mdl 8192]} (45. Kc3 $11 Ke4 46. Kb4) 45... Kf6 $18 {[#] If only Black now had time for ...Ke5....} 46. Kc3 $1 {[%cal Rc3b4] White is clearly winning.} Ke5 {[#]} 47. Kb4 $1 {[%cal Rb4b5]} Ke4 48. Kb5 Kf3 49. Kxb6 Kg2 50. c5 Kxh2 51. cxd6 {Av CentiPawn Loss W=277/B=-53. Weighted=171/-89} 1-0

[Event "Speed Chess Championship 2020"]
[Site "Online"]
[Date "2020.11.04"]
[Round "1.14"]
[White "Maghsoodloo, Parham"]
[Black "Carlsen, Magnus"]
[Result "0-1"]
[WhiteElo "2676"]
[BlackElo "2862"]
[Annotator "TA"]
[PlyCount "110"]
[EventDate "2020.10.31"]
[EventType "k.o."]
[SourceTitle "playchess.com"]
[Source "ChessBase"]
[SourceQuality "1"]

{[%evp 15,110,16,14,14,18,5,19,10,37,0,29,-5,29,-10,-7,-66,-65,-64,0,0,-18,-54,-61,-108,-19,-78,0,-79,-83,-93,-60,-60,-61,-59,-56,-58,0,-62,0,0,0,-51,-30,-29,-20,-35,-29,-1373,-1429,-1415,-1380,-1804,-1487,-29969,-29968,-29966,-29971,-29970,-29971,-29972,-29973,-29973,-29974,-29973,-29975,-29974,-29975,-29975,-29975,-29977,-29973,-29973,-29974,-29974,-29975,-29975,-29976,-29976,-29977,-29976,-29977,-29984,-29983,-29985,-29986,-29986,-29987,-29988,-29989,-29989,-29990,-29990,-29990,-29990,-29991,-29991,-29989]} 1. e4 c5 2. Nf3 e6 3. d4 cxd4 4. Nxd4 a6 5. c4 Nf6 6. Nc3 Qc7 7. Bd3 Nc6 8. Nxc6 dxc6 9. Be3 {B41: Sicilian: Kan Variation: 5 c4.} e5 10. h3 Be6 11. O-O {The position is equal.} Be7 12. c5 O-O 13. a3 {[#]} Rfd8 $146 ({Predecessor:} 13... Rad8 14. Qc2 Bb3 15. Qxb3 Rxd3 16. Qc4 Rdd8 17. Rac1 Nd7 18. Ne2 Bf6 19. Rfd1 Rfe8 20. Ng3 g6 21. b4 Nf8 22. a4 {½-½ (22) Forgo,E (2285)-Porubszky Angyalosine,M (2205) Budapest 1997}) 14. Qe2 Nh5 15. Bc4 (15. Bc2 $11 Nf4 16. Qf3) 15... Nf4 $1 $15 {[%cal Rf4e2]} 16. Bxf4 $1 {Strongly threatening Be3.} exf4 17. Bxe6 fxe6 18. b4 Qe5 19. Na4 Rd4 (19... a5 $1 $17 {And now ...axb4 would win.} 20. Nb6 axb4 21. Nxa8 Rxa8) 20. Rad1 (20. Rfe1 $11) 20... Rad8 ({Much weaker is} 20... Qxe4 $6 21. Qxe4 Rxe4 22. Rd7 $11) (20... Rxe4 $17 21. Qf3 Rd8) 21. Nb6 (21. Rxd4 $11 Qxd4 22. Nb6) 21... Rxe4 $17 22. Qg4 Rxd1 23. Rxd1 h5 24. Qf3 Re1+ 25. Rxe1 Qxe1+ 26. Kh2 Qe5 ({Better is} 26... Bh4 $15 27. g3 fxg3+ 28. fxg3 Qe5) 27. Nc4 $11 Qf5 28. Nd6 ({White should play} 28. Kg1 $11) 28... Bxd6 $1 $15 29. cxd6 {[%mdl 4096] Endgame KQ-KQ} Kf7 30. Qc3 Qd5 31. Qc5 $2 {[%mdl 8192] Now White is beyond hope.} (31. d7 $11) 31... Qxc5 $1 $19 32. bxc5 {KP-KP} e5 33. a4 {[#]} a5 $1 34. h4 Ke6 {Black mates.} 35. g3 {[#]} b6 $1 {[%mdl 512]} 36. cxb6 Kxd6 37. gxf4 exf4 38. Kg2 c5 39. Kf3 Kc6 40. Kxf4 Kxb6 41. Ke5 Kc6 42. f3 g6 43. f4 c4 44. Kd4 {[#]} c3 $1 {[%mdl 576] Deflection} 45. Kxc3 {[#] K3P-K3P} Kc5 $1 46. Kd3 Kb4 47. Kd4 Kxa4 {K3P-KPP} 48. Ke5 Kb5 49. Kf6 a4 50. Kxg6 {KPP-KPP} a3 51. f5 a2 52. Kxh5 a1=Q 53. Kg6 Qh8 54. f6 Kc6 55. f7 Kd7 {Av CentiPawn Loss W=-71/B=-16. Weighted=-72/-21} 0-1

[Event "Speed Chess Championship 2020"]
[Site "Online"]
[Date "2020.11.08"]
[Round "1.14"]
[White "Abdusattorov, Nodirbek"]
[Black "So, Wesley"]
[Result "0-1"]
[WhiteElo "2662"]
[BlackElo "2816"]
[Annotator "TA"]
[PlyCount "56"]
[EventDate "2020.10.31"]
[EventType "k.o."]
[SourceTitle "playchess.com"]
[Source "ChessBase"]
[SourceQuality "1"]

{[%evp 9,56,0,2,0,0,0,0,0,0,0,0,0,0,-47,-44,-153,-144,-339,-345,-437,-182,-258,-263,-266,-272,-322,-210,-276,-176,-345,-187,-281,-189,-299,-301,-413,-408,-400,-388,-354,-260,-300,-299,-491,-506,-502,-437,-402,-326]} 1. e4 e5 2. Nf3 Nc6 3. Nc3 Nf6 4. Bb5 Nd4 5. O-O c6 6. Bd3 {C48: Four Knights: 4 Bb5, replies other than 4...Bb4.} Nxf3+ 7. Qxf3 d6 8. Be2 {The position is equal.} g6 9. d3 Bg7 10. Qg3 {[#]} h5 $5 $146 {[%mdl 8] New and interesting.} ({Predecessor:} 10... O-O 11. Kh1 d5 12. Qh4 d4 13. Nb1 Nd7 14. Qxd8 Rxd8 15. a4 {½-½ (15) Shabanov,Y (2505)-Karpatchev,A (2380) Moscow 2001}) 11. h4 Ng4 12. Nd1 (12. Bg5 $15 f6 13. Bd2) 12... Bf6 $17 13. Ne3 $2 (13. Bg5 $17) 13... Bxh4 $19 14. Qf3 {[#]} Bg5 (14... Nh2 $142 $1 {[%mdl 512]} 15. Kxh2 {[#]} Bg4 $1 {[%mdl 512]}) 15. g3 (15. Nc4 {was worth a try.} Bxc1 16. Raxc1) 15... Nxe3 16. fxe3 {[%csl Gf1][%cal Rf3f7]} Qe7 17. Qf2 Bg4 18. Bd2 Qe6 19. Bc3 $2 (19. Bxg4 hxg4 20. Kg2) 19... O-O (19... Bh3 $142 20. Rfb1 f5 21. exf5 Bxf5) 20. Bd2 (20. Bxg4 $142 Qxg4 21. Bb4) 20... f5 {Threatens to win with ...Bh3.} 21. exf5 (21. Bxg4 {was forced.} fxg4 22. Qg2) 21... Bxf5 22. Qg2 Bh3 23. Rxf8+ Rxf8 (23... Kxf8 $2 24. Qh2 $19) 24. Qh2 Bg4 25. b3 e4 {And now ...exd3 would win.} 26. Re1 $2 (26. Rf1 {keeps fighting.}) 26... Bxe2 27. Rxe2 exd3 28. cxd3 Qd5 {Black took control after the opening. Av CentiPawn Loss W=-55/B=-41. Weighted=-70/-49} 0-1